000 00567nam a2200217Ia 4500
003 OSt
005 20220928140715.0
006 a|||||r|||| 00| 0
007 ta
008 220927b |||||||| |||| 00| 0 eng d
024 _a11236
037 _cTextual
040 _aSDCL
_cSDCL
_beng
041 _2eng
_aeng
082 _aD6,8(B2895),1, N6
100 _aLeininger Kevin E Ed.
_9497165
245 0 _aAIX/6000 developer's tool kit
260 _c1996
942 _hD6,8(B2895),1, N6
_cTEXL
_2CC
999 _c813681
_d813681